| 000 | 00572nam a2200181Ia 4500 | ||
|---|---|---|---|
| 008 | 100920s9999 xx 000 0 und d | ||
| 082 |
_b82118 _a24 0 |
||
| 100 | _aकापसे राम. | ||
| 245 | _aजनसंघ ते भाजपा. | ||
| 260 |
_bभारतीय विचार दर्शन, मुंबई. _c0 |
||
| 300 |
_a272 _bसाधी |
||
| 365 | _b150 | ||
| 520 | _aसायो. | ||
| 630 | _aजनसंघ ते भाजपा. | ||
| 650 | _aसायो. | ||
| 730 | _aजनसंघ ते भाजपा. | ||
| 942 | _cBOOK | ||
| 999 |
_c722851 _d722848 |
||